| 000 | 00429nam a2200181Ia 4500 | ||
|---|---|---|---|
| 001 | 10511 | ||
| 005 | 20260306161837.0 | ||
| 008 | 260306t1998||||xx |||||||||||||| ||spa|| | ||
| 041 | _aESP | ||
| 082 |
_a940 _bS75 |
||
| 100 |
_aSpielvogel Jackson J. [1939-...] _eAUT |
||
| 245 | 0 | _aCivilizaciones de occidente | |
| 260 | _c1998 | ||
| 300 |
_a471 páginas : _c |
||
| 650 | _aGEN | ||
| 654 | _aCHU | ||
| 942 |
_cLIB _dJUS _fJUS _2ddc _n |
||
| 999 |
_c10511 _d10511 |
||